[Event "Prague op-A 12th"]
[Site "Prague"]
[Date "2013.01.10"]
[Round "2"]
[White "Strand, Oyvin"]
[Black "Maltsev, Leonid"]
[Result "1/2-1/2"]
[WhiteElo "1853"]
[BlackElo "2015"]
[PlyCount "66"]
[EventDate "2013.01.09"]
[EventType "swiss"]
[EventRounds "9"]
[EventCountry "CZE"]
[SourceTitle "CBM 152 Extra"]
[Source "ChessBase"]
[SourceDate "2013.02.25"]
[SourceVersion "1"]
[SourceVersionDate "2013.02.25"]
[SourceQuality "1"]

1. d4 f5 2. g3 Nf6 3. Bg2 g6 4. Nf3 Bg7 5. 0-0 0-0 6. c4 d6 7. Nc3 Qe8 8. e4 fxe4 9. Ng5 Nc6 10. Be3 e5 11. d5 Na5 12. b3 b6 13. h3 Nb7 14. Ngxe4 Nxe4 15. Nxe4 Nc5 16. Nxc5 bxc5 17. Qd2 Rf7 18. Rae1 Qf8 19. f4 exf4 20. Bxf4 Bf5 21. g4 Bd7 22. Bg5 Re8 23. Rxf7 Rxe1+ 24. Qxe1 Qxf7 25. Qe7 Bd4+ 26. Kh1 Qxe7 27. Bxe7 Bc3 28. Bd8 Ba5 29. Bf6 Kf7 30. Bb2 h5 31. Bf3 hxg4 32. hxg4 Bd2 33. Kg2 g5 1/2-1/2

[Event "Lesa op 1st"]
[Site "Lesa"]
[Date "2012.10.13"]
[Round "3"]
[White "Aghayev, Miragha"]
[Black "Maltsev, Leonid"]
[Result "1-0"]
[WhiteElo "2244"]
[BlackElo "1947"]
[PlyCount "41"]
[EventDate "2012.10.12"]
[EventType "swiss"]
[EventRounds "5"]
[EventCountry "ITA"]
[SourceTitle "EXT 2015"]
[Source "ChessBase"]
[SourceDate "2014.11.20"]
[SourceVersion "1"]
[SourceVersionDate "2014.11.20"]
[SourceQuality "1"]

1. e4 c5 2. c3 d5 3. exd5 Qxd5 4. d4 Nf6 5. Nf3 Bg4 6. Nbd2 cxd4 7. Bc4 Qh5 8. Qb3 Nbd7 9. cxd4 Nb6 10. Ne5 Nxc4 11. Ndxc4 b6 12. Qa4+ Bd7 13. Nxd7 Nxd7 14. Nxb6 Rd8 15. Nxd7 Rxd7 16. Be3 Qd5 17. Rc1 f6 18. 0-0 h5 19. Rc7 Kd8 20. Rxa7 Rxa7 21. Qxa7 1-0

[Event "Ostrava Konik op-A"]
[Site "Ostrava"]
[Date "2012.05.02"]
[Round "5"]
[White "Aleksandrovskiy, Dmitriy"]
[Black "Maltsev, Leonid"]
[Result "1/2-1/2"]
[WhiteElo "2056"]
[BlackElo "1907"]
[PlyCount "49"]
[EventDate "2012.04.28"]
[EventType "swiss"]
[EventRounds "9"]
[EventCountry "CZE"]
[SourceTitle "CBM 148 Extra"]
[Source "ChessBase"]
[SourceDate "2012.06.22"]
[SourceVersion "1"]
[SourceVersionDate "2012.06.22"]
[SourceQuality "1"]

1. e4 c5 2. Nf3 Nc6 3. Bb5 g6 4. Bxc6 dxc6 5. d3 Bg7 6. h3 Nf6 7. Nc3 0-0 8. Be3 b6 9. Qd2 Ba6 10. a4 Qc8 11. Bh6 Rd8 12. Bxg7 Kxg7 13. Qg5 Qc7 14. 0-0-0 h6 15. Qe3 c4 16. d4 b5 17. Ne5 b4 18. Ne2 c5 19. Ng4 Ng8 20. c3 Qa5 21. dxc5 Qxa4 22. cxb4 Rd3 23. Nc3 Qxb4 24. Rxd3 cxd3 25. Rd1 1/2-1/2

[Event "Ostrava Konik op-A"]
[Site "Ostrava"]
[Date "2012.04.30"]
[Round "3"]
[White "Maltsev, Leonid"]
[Black "Dvorak, Vladimir"]
[Result "1-0"]
[WhiteElo "1907"]
[BlackElo "2030"]
[PlyCount "47"]
[EventDate "2012.04.28"]
[EventType "swiss"]
[EventRounds "9"]
[EventCountry "CZE"]
[SourceTitle "CBM 148 Extra"]
[Source "ChessBase"]
[SourceDate "2012.06.22"]
[SourceVersion "1"]
[SourceVersionDate "2012.06.22"]
[SourceQuality "1"]

1. e4 e6 2. d4 d5 3. Nc3 Nf6 4. Bg5 Be7 5. e5 Nfd7 6. h4 a6 7. Qg4 Bxg5 8. hxg5 c5 9. dxc5 Nxe5 10. Qg3 Nbc6 11. 0-0-0 f5 12. gxf6 Qxf6 13. Kb1 0-0 14. Nh3 Ne7 15. Be2 Nf5 16. Qh2 Ng6 17. g4 Nfe7 18. g5 Qe5 19. f4 Qe3 20. Nf2 Qxf4 21. Qxh7+ Kf7 22. Nd3 Qxg5 23. Bh5 Rh8 24. Qxh8 1-0

[Event "Geller Memorial op-A 7th"]
[Site "Odessa"]
[Date "2011.08.23"]
[Round "4"]
[White "Maltsev, Leonid"]
[Black "Arkhipov, Vladimir"]
[Result "1/2-1/2"]
[WhiteElo "1890"]
[BlackElo "2131"]
[PlyCount "98"]
[EventDate "2011.08.20"]
[EventType "swiss"]
[EventRounds "9"]
[EventCountry "UKR"]
[SourceTitle "EXT 2014"]
[Source "ChessBase"]
[SourceDate "2013.11.20"]
[SourceVersion "1"]
[SourceVersionDate "2013.11.20"]
[SourceQuality "1"]

1. e4 c6 2. d4 d5 3. exd5 cxd5 4. c4 Nf6 5. Nc3 g6 6. cxd5 Bg7 7. Bb5+ Nbd7 8. d6 exd6 9. Qe2+ Qe7 10. Qxe7+ Kxe7 11. Nge2 a6 12. Bd3 b5 13. 0-0 Bb7 14. Bg5 h6 15. Bh4 g5 16. Bg3 Nh5 17. Rfe1 Nxg3 18. Nxg3+ Kd8 19. Nf5 Bf8 20. Ne4 Bxe4 21. Bxe4 Ra7 22. Rac1 Nf6 23. Bb1 Rc7 24. g3 d5 25. a3 Rxc1 26. Rxc1 Kd7 27. Ba2 b4 28. a4 Bd6 29. Ne3 b3 30. Bxb3 Rb8 31. Rc3 Bb4 32. Rc2 Ba3 33. Nxd5 Nxd5 34. Bxd5 Bxb2 35. Bxf7 Bxd4 36. Bc4 Rb6 37. Rd2 Rd6 38. Bxa6 Bxf2+ 39. Rxf2 Rxa6 40. Ra2 Ra5 41. Kf2 Kd6 42. Ke3 Kd5 43. Kd3 g4 44. Ke3 Kc4 45. Kf4 Kb3 46. Re2 Rxa4+ 47. Re4 Ra2 48. Kxg4 Rxh2 49. Re5 Ra2 1/2-1/2

[Event "Geller Memorial op-A 7th"]
[Site "Odessa"]
[Date "2011.08.20"]
[Round "1"]
[White "Goreskul, Alyona"]
[Black "Maltsev, Leonid"]
[Result "0-1"]
[WhiteElo "2221"]
[BlackElo "1890"]
[PlyCount "46"]
[EventDate "2011.08.20"]
[EventType "swiss"]
[EventRounds "9"]
[EventCountry "UKR"]
[SourceTitle "EXT 2014"]
[Source "ChessBase"]
[SourceDate "2013.11.20"]
[SourceVersion "1"]
[SourceVersionDate "2013.11.20"]
[SourceQuality "1"]

1. e4 c5 2. Nf3 Nc6 3. d4 cxd4 4. Nxd4 e5 5. Nb5 d6 6. c4 a6 7. N5a3 Nf6 8. Nc3 Be7 9. Bd3 0-0 10. 0-0 Be6 11. Nc2 Nd7 12. Ne3 Bg5 13. b3 Nd4 14. Ba3 Nc5 15. Ned5 f5 16. f3 fxe4 17. fxe4 Rxf1+ 18. Bxf1 Bxd5 19. Bxc5 Be3+ 20. Kh1 Be6 21. Ba3 Qh4 22. Bc1 Bg4 23. Qd3 Nf3 0-1

[Event "Teplice op 6th"]
[Site "Teplice"]
[Date "2011.06.16"]
[Round "6"]
[White "Porat, Rami"]
[Black "Maltsev, Leonid"]
[Result "1/2-1/2"]
[WhiteElo "1685"]
[BlackElo "1874"]
[PlyCount "45"]
[EventDate "2011.06.11"]
[EventType "swiss"]
[EventRounds "9"]
[EventCountry "CZE"]
[SourceTitle "CBM 142 Extra"]
[Source "ChessBase"]
[SourceDate "2011.06.27"]
[SourceVersion "1"]
[SourceVersionDate "2011.06.27"]
[SourceQuality "1"]

1. e4 c5 2. Nf3 Nc6 3. c3 g6 4. Bd3 Bg7 5. 0-0 Nf6 6. Re1 0-0 7. Bf1 d5 8. exd5 Qxd5 9. d4 cxd4 10. cxd4 Bg4 11. Nc3 Bxf3 12. Qxf3 Qxd4 13. Be3 Qg4 14. Qxg4 Nxg4 15. Bc4 Bxc3 16. bxc3 Rfe8 17. Bb5 e6 18. Rad1 Red8 19. Bxc6 bxc6 20. h3 Rxd1 21. Rxd1 Nf6 22. Rd6 Ne4 23. Rxc6 1/2-1/2

[Event "Teplice op 6th"]
[Site "Teplice"]
[Date "2011.06.15"]
[Round "5"]
[White "Maltsev, Leonid"]
[Black "Skara, Vladimir"]
[Result "0-1"]
[WhiteElo "1874"]
[BlackElo "2178"]
[PlyCount "48"]
[EventDate "2011.06.11"]
[EventType "swiss"]
[EventRounds "9"]
[EventCountry "CZE"]
[SourceTitle "CBM 142 Extra"]
[Source "ChessBase"]
[SourceDate "2011.06.27"]
[SourceVersion "1"]
[SourceVersionDate "2011.06.27"]
[SourceQuality "1"]

1. e4 e6 2. d4 d5 3. Nc3 Nf6 4. Bg5 Be7 5. e5 Nfd7 6. h4 Nc6 7. Nf3 h6 8. Bf4 Nb6 9. Qd2 Bd7 10. 0-0-0 Bf8 11. g4 Qe7 12. g5 hxg5 13. Bxg5 f6 14. exf6 gxf6 15. Bf4 0-0-0 16. h5 Na5 17. Re1 Nac4 18. Bxc4 Nxc4 19. Qd3 Qb4 20. Nd1 e5 21. dxe5 Nxb2 22. Nxb2 Qxf4+ 23. Kb1 Bg4 24. Nd4 fxe5 0-1

[Event "Teplice op 6th"]
[Site "Teplice"]
[Date "2011.06.11"]
[Round "1"]
[White "Maltsev, Leonid"]
[Black "Vavra, Pavel"]
[Result "0-1"]
[WhiteElo "1874"]
[BlackElo "2363"]
[PlyCount "120"]
[EventDate "2011.06.11"]
[EventType "swiss"]
[EventRounds "9"]
[EventCountry "CZE"]
[SourceTitle "CBM 142 Extra"]
[Source "ChessBase"]
[SourceDate "2011.06.27"]
[SourceVersion "1"]
[SourceVersionDate "2011.06.27"]
[SourceQuality "1"]

1. e4 e6 2. d4 d5 3. Nc3 Bb4 4. Nge2 Nf6 5. Bg5 dxe4 6. a3 Be7 7. Bxf6 Bxf6 8. Nxe4 0-0 9. c3 e5 10. Nxf6+ Qxf6 11. dxe5 Qxe5 12. Qd4 Qe7 13. 0-0-0 Nc6 14. Qf4 Be6 15. Ng3 Bb3 16. Nf5 Qe6 17. Qg4 Qg6 18. Rd4 Rfe8 19. Bd3 Ne5 20. Qxg6 hxg6 21. Ne3 c5 22. Rd6 Re6 23. Rxe6 Nxd3+ 24. Kd2 Rd8 25. Re8+ Rxe8 26. Kxd3 Rd8+ 27. Ke2 Rd6 28. h4 a5 29. h5 g5 30. g4 Ba4 31. b3 Bxb3 32. Rb1 a4 33. Nf5 Rd7 34. f3 Bc4+ 35. Ke1 Bd3 36. Rd1 Bxf5 37. gxf5 Rxd1+ 38. Kxd1 Kh7 39. Kd2 Kh6 40. Kd3 Kxh5 41. Kc4 g4 42. fxg4+ Kxg4 43. Kxc5 Kxf5 44. Kb6 g5 45. c4 g4 46. c5 g3 47. Kxb7 g2 48. c6 g1Q 49. c7 Qc5 50. c8Q+ Qxc8+ 51. Kxc8 Ke5 52. Kb7 f5 53. Kb6 f4 54. Kb5 f3 55. Kxa4 f2 56. Ka5 f1Q 57. a4 Qb1 58. Ka6 Kd6 59. a5 Kc7 60. Ka7 Qb7# 0-1

[Event "Ostrava Konik op-A"]
[Site "Ostrava"]
[Date "2011.05.06"]
[Round "7"]
[White "Maltsev, Leonid"]
[Black "Hladik, Lumir"]
[Result "1/2-1/2"]
[WhiteElo "1874"]
[BlackElo "2047"]
[PlyCount "90"]
[EventDate "2011.04.30"]
[EventType "swiss"]
[EventRounds "9"]
[EventCountry "CZE"]
[SourceTitle "CBM 142 Extra"]
[Source "ChessBase"]
[SourceDate "2011.06.27"]
[SourceVersion "1"]
[SourceVersionDate "2011.06.27"]
[SourceQuality "1"]

1. e4 c6 2. c4 d5 3. exd5 cxd5 4. cxd5 a6 5. Nc3 Nf6 6. Qa4+ Nbd7 7. Nf3 g6 8. Be2 Bg7 9. 0-0 0-0 10. d4 Nb6 11. Qb3 Nbxd5 12. Ne5 e6 13. Bg5 Qb6 14. Nxd5 Nxd5 15. Qxb6 Nxb6 16. Be3 Nd5 17. Bf3 Rd8 18. Rfd1 f6 19. Nc4 b5 20. Bxd5 exd5 21. Nb6 Rb8 22. Nxc8 Rbxc8 23. Rac1 Kf7 24. Kf1 h6 25. Ke2 f5 26. Kd3 g5 27. Rxc8 Rxc8 28. Rc1 Rxc1 29. Bxc1 f4 30. g3 fxg3 31. fxg3 g4 32. Bd2 Ke6 33. b3 Kf5 34. Be1 Bf6 35. Bd2 h5 36. Be3 Be7 37. Bd2 Bd6 38. Be1 Be7 39. Bd2 h4 40. Be1 h3 41. Bd2 Bd6 42. Be1 b4 43. Bf2 a5 44. Be1 Be7 45. Bf2 Bg5 1/2-1/2

[Event "Ostrava Konik op-A"]
[Site "Ostrava"]
[Date "2011.05.03"]
[Round "4"]
[White "Dvorak, Vladimir"]
[Black "Maltsev, Leonid"]
[Result "1-0"]
[WhiteElo "1996"]
[BlackElo "1874"]
[PlyCount "101"]
[EventDate "2011.04.30"]
[EventType "swiss"]
[EventRounds "9"]
[EventCountry "CZE"]
[SourceTitle "CBM 142 Extra"]
[Source "ChessBase"]
[SourceDate "2011.06.27"]
[SourceVersion "1"]
[SourceVersionDate "2011.06.27"]
[SourceQuality "1"]

1. e4 c5 2. Nf3 Nc6 3. Bb5 g6 4. 0-0 Bg7 5. Nc3 e5 6. d3 d6 7. Bg5 Nf6 8. Nd5 0-0 9. Qd2 Be6 10. c4 a6 11. Ba4 Bxd5 12. cxd5 Ne7 13. h3 b5 14. Bd1 Nd7 15. Bh6 Kh8 16. g3 Bxh6 17. Qxh6 Ng8 18. Qe3 Kg7 19. h4 h6 20. h5 f5 21. Nh4 f4 22. Qf3 Ne7 23. hxg6 fxg3 24. Qxg3 Rf6 25. Bh5 Rf4 26. Ng2 Rf6 27. f4 Qf8 28. f5 Qd8 29. Ne3 Ng8 30. Kg2 c4 31. dxc4 Nc5 32. Bf3 Nd3 33. b3 Nf4+ 34. Kh2 Rf8 35. Ng2 Nxg2 36. Kxg2 bxc4 37. bxc4 Qc7 38. Be2 Nf6 39. Qe3 Qa7 40. Qxa7+ Rxa7 41. Bd3 Nh5 42. Rab1 Nf4+ 43. Rxf4 exf4 44. Kf3 h5 45. Kxf4 h4 46. c5 dxc5 47. e5 c4 48. Bxc4 h3 49. Kg5 Rxf5+ 50. Kxf5 h2 51. d6 1-0

[Event "EU-ch U10"]
[Site "Batumi"]
[Date "2010.09.26"]
[Round "7"]
[White "Nikitenko, Mihail"]
[Black "Maltsev, Leonid"]
[Result "1-0"]
[WhiteElo "1843"]
[BlackElo "1869"]
[PlyCount "47"]
[EventDate "2010.09.20"]
[EventType "swiss"]
[EventRounds "9"]
[EventCountry "GEO"]
[SourceTitle "CBM 138 Extra"]
[Source "ChessBase"]
[SourceDate "2010.10.29"]
[SourceVersion "1"]
[SourceVersionDate "2010.10.29"]
[SourceQuality "1"]

1. e4 Nc6 2. d4 d5 3. Nc3 e5 4. Nxd5 Nxd4 5. c3 Ne6 6. Qc2 c6 7. Ne3 Bc5 8. Nf3 Qc7 9. b4 Be7 10. Bc4 Nf6 11. Nf5 Bf8 12. Bg5 Bd7 13. a4 a5 14. Rb1 axb4 15. cxb4 c5 16. 0-0 Rxa4 17. Ra1 Rxb4 18. Bd2 Bb5 19. Bxb4 Bxc4 20. Qxc4 cxb4 21. Ra8+ Kd7 22. Rd1+ Nd4 23. Nxe5+ Qxe5 24. Qc8# 1-0

[Event "Geller Memorial op-B1 6th"]
[Site "Odessa"]
[Date "2010.08.29"]
[Round "9"]
[White "Maltsev, Leonid"]
[Black "Pampushka, Nikita"]
[Result "1-0"]
[WhiteElo "1886"]
[BlackElo "2005"]
[PlyCount "89"]
[EventDate "2010.08.21"]
[EventType "swiss"]
[EventRounds "9"]
[EventCountry "UKR"]
[SourceTitle "EXT 2012"]
[Source "ChessBase"]
[SourceDate "2011.11.24"]
[SourceVersion "1"]
[SourceVersionDate "2011.11.24"]
[SourceQuality "1"]

1. e4 c5 2. c3 Nf6 3. e5 Nd5 4. d4 cxd4 5. Nf3 Nc6 6. cxd4 d6 7. Bc4 Nb6 8. Bb3 Bg4 9. Bxf7+ Kxf7 10. Ng5+ Ke8 11. Qxg4 dxe5 12. Ne6 Qd7 13. Nxg7+ Bxg7 14. Qxg7 Rf8 15. Bh6 Qf5 16. Qxf8+ Qxf8 17. Bxf8 Kxf8 18. dxe5 Nxe5 19. 0-0 Kf7 20. Na3 Nd5 21. f4 Ng6 22. g3 e6 23. Rac1 Nge7 24. Nb5 Nc6 25. Nd6+ Ke7 26. Nxb7 Nd4 27. Rcd1 Ne3 28. Rxd4 Nxf1 29. Kxf1 Rb8 30. Nc5 Rxb2 31. Rd7+ Kf6 32. Rxh7 Rxa2 33. Kg1 e5 34. Rh6+ Kg7 35. Ra6 Rc2 36. Rxa7+ Kg6 37. Nd3 e4 38. Ne5+ Kf6 39. Ra1 Re2 40. Ra3 Kf5 41. Nc4 Kg4 42. Re3 Rxe3 43. Nxe3+ Kf3 44. Ng2 e3 45. Nxe3 1-0